000 00362nam a2200145Ia 4500
008 150201s1998 xx 000 0 und d
082 _a610
_bM2005P
100 _aPAPADAKIS
245 _a2005 CURRENT CONSULT MEDICINE
250 _a13TH
260 _bMc-GRAW-HILL L PUBLISHING
_aBOSTON LONDON
_c1998
300 _a1-1375
650 _aMEDICINE
942 _2ddc
_cBK
999 _c4038
_d4038